Responses for show #4185 - Friday, November 8, 2002

Last game to use 1996-2002 set.

Contestants

Matthew Temple, a director of international business development from Los Angeles, California

Jessica Rasper, a graduate student from Succasunna, New Jersey

Brad Bean, a web assistant from Columbus, Ohio (whose 2-day cash winnings total $25,200)

Jeopardy! Round responses

SCIENCE
WE LIKE YOUR STYLE!
TOWERS
PARDON MY POLISH
(Alex: The language.)
POP MUSIC
MOROCCAN 'ROUND THE CLOCK
    $200 1
Albert Einstein

Matthew
    $200 9
Cardigan

Brad
    $200 21
Tower of Babel

Jessica
    $200 11
brother

Jessica
    $200 3
Elvis Presley

Jessica
    $200 2
Casablanca

Jessica
    $400 8
Pierre & Marie Curie

Jessica
    $400 10
Frank Lloyd Wright

Jessica
    $400 22
(Alex: It'd be kind of neat having a suite up there!)

Eiffel Tower

Brad
    $400 12
Duck, Duck Goose

Brad
    $400 4
The Everly Brothers

Jessica
    $400 27
king

Jessica
    $600 13
CO2

Brad
    $600 16
Coco Chanel

Jessica
    $2,000 23
Leaning Tower of Pisa

Brad
    $600 17
white of the eye

Brad
    $600 5
Pink Floyd

Brad
    $600 28
Spain

Jessica
    $800 14
(Brad: What is sunlight?)
(Matthew: What is the wind?)

gravity/the Earth

BradJessicaMatthew
    $800 20
Louis

Matthew
    $800 24
Sears Tower

Matthew
    $800 18
(Matthew: What is curtains?)

bed & breakfast

JessicaMatthew
    $800 6
Steppenwolf

Brad
    $800 29
(Jessica: Who is King Fahd?)

Winston Churchill (in Casablanca)

JessicaMatthew
    $1000 15
lichens

Brad
    $1000 26
Sarah Bernhardt

Matthew
    $1000 25
CN Tower

Matthew
    $1000 19
error/mistake

Jessica
    $1000 7
"Radar Love"

Brad
    $1000 30
Atlas Mountains

Matthew

Scores at the first commercial break (after clue 15):

Brad Jessica Matthew
$3,800 $2,600 -$600

Scores at the end of the Jeopardy! Round:

Brad Jessica Matthew
$6,800 $5,400 $4,000

Double Jeopardy! Round responses

HISTORY
SHAPE UP
THE LARGEST IN AREA
(Alex: We'll give you a choice.)
OSCAR! OSCAR!
AUTHORS' PRIVATE LIVES
A TRIP ON THE "L"
    $400 1
Brazil

Triple Stumper
    $400 23
spiral

Matthew
    $400 9
France

Matthew
    $400 6
Warren Beatty

Matthew
    $400 21
(Jessica: What is the stomach?)
(Brad: What is a pigskin?)

heart

BradJessica
Triple Stumper
    $400 16
Lincoln Memorial

Brad
    $800 2
Charles Lindbergh

Matthew
    $800 24
pyramid

Brad
    $800 10
(Brad: What is Croatia?)

Serbia

BradMatthew
    $800 7
Vivien Leigh

Matthew
    $800 22
Eugene O'Neill

Triple Stumper
    $800 17
locusts

Triple Stumper
    $1200 3
Alexander the Great

Brad
    $1200 25
(Alex: We have about a minute left in the round.)

triangle

Jessica
    $1200 11
(Jessica: What is Venezuela?)

Colombia

JessicaMatthew
    $1200 8
(Jessica: Who is Pierre Curie?)

Louis Pasteur

BradJessica
    $3,400 26
(Jessica: Who was John Donne?)

John Milton (he was blind)

Jessica
    $1200 18
Lagos

Matthew
    $1600 4
(Brad: What is Mongolia?)

India

BradMatthew
    $1600 30
[Jessica raises fist]
...
(Alex: And that gets you back on the plus side, way to go!)

cone

Jessica
    $1600 12
Kazakhstan

Brad
    $1600 14
Darling

Triple Stumper
    $1600 27
Colette

Jessica
    $1600 19
Trygve Lie

Jessica
    $2,000 5
(Matthew: What is Poland?)

Finland

Matthew
    $2000 29
(Jessica: What is an oval?)

ellipse

JessicaMatthew
    $2000 13
(Jessica: What is Honduras?)

Nicaragua

BradJessica
    $2000 15
Quincy Jones

Matthew
    $2000 28
F. Scott Fitzgerald

Triple Stumper
    $2000 20
latex

Triple Stumper

Scores at the end of the Double Jeopardy! Round:

Brad Jessica Matthew
$11,200 $1,200 $13,600

[wagering suggestions for these scores]

Final Jeopardy! Round responses

STATE CAPITALS
(Alex: We go back to Brad's hometown to do our College Championship; we will see you in Columbus, Ohio on Monday!)
JessicaWhat is Baton Rouge?
$1,199
BradWhat is Baton Rouge
$8,800
MatthewWhat is Baton Rouge
$8,801
Austin, Texas (Tallahassee is a very close second, Baton Rouge, third)

Final scores:

Brad Jessica Matthew
$2,400 $1 $4,799
2nd place: $2,000 3rd place: $1,000 New champion: $4,799

Game dynamics:

Coryat scores:

Brad Jessica Matthew
$9,800 $4,600 $15,600
16 R
(including 1 DD),
4 W
17 R,
7 W
(including 1 DD)
18 R,
3 W
(including 1 DD)

Combined Coryat: $30,000

The J! Archive is created by fans, for fans. The Jeopardy! game show and all elements thereof, including but not limited to copyright and trademark thereto, are the property of Jeopardy Productions, Inc. and are protected under law. This website is not affiliated with, sponsored by, or operated by Jeopardy Productions, Inc. Join the discussion at JBoard.tv.